Historia critica de España, y de la cultura española en todo genero / (Record no. 159105)
[ view plain ]
| 000 -LEADER | |
|---|---|
| campo de control de longitud fija | 01651nam a22002415i 4500 |
| 001 - NÚMERO DE CONTROL | |
| campo de control | 159105 |
| 003 - IDENTIFICADOR DE NÚMERO DE CONTROL | |
| campo de control | ES-MaACL |
| 005 - FECHA Y HORA DE LA ÚLTIMA TRANSACCIÓN | |
| campo de control | 20250727063148.0 |
| 008 - DATOS DE LONGITUD FIJA--INFORMACIÓN GENERAL | |
| campo de control de longitud fija | 000921s1784 sp |||| | spasd |
| 040 ## - FUENTE DE CATALOGACIÓN | |
| Centro catalogador/agencia de origen | AN |
| Lengua de catalogación | spa |
| Centro/agencia transcriptor | AN |
| 100 1# - ENTRADA PRINCIPAL--NOMBRE DE PERSONA | |
| Nombre de persona | Masdéu, Juan Francisco, |
| Fechas asociadas al nombre | 1744-1817 |
| 9 (RLIN) | 129694 |
| 245 10 - MENCIÓN DEL TÍTULO | |
| Título | Historia critica de España, y de la cultura española en todo genero / |
| Mención de responsabilidad, etc. | Escrita en italiano por D. Juan Francisco de Masdeu ...; traducido al idioma español por N ...N ...; tomo II, España Antigua. |
| 260 ## - PUBLICACIÓN, DISTRIBUCIÓN, ETC. | |
| Lugar de publicación, distribución, etc. | En Madrid : |
| Nombre del editor, distribuidor, etc. | Por Don Antonio de Sancha, Se hallará en su Librería en la Aduana vieja, |
| Fecha de publicación, distribución, etc. | 1784. |
| 300 ## - DESCRIPCIÓN FÍSICA | |
| Extensión | XXVIII, 382 p. ; |
| Dimensiones | 4º (21 cm) |
| 500 ## - NOTA GENERAL | |
| Nota general | Indices: p. 368-382. |
| 594 ## - Nota al título y mención de responsabilidad | |
| Nota al título y mención de responsabilidad | La traducción de la obra ha sido atribuída a Bernardo Arana y al propio Juan Francisco de Masdeu, cf. Rogers y Lapuente. Diccionario de seudónimos literarios españoles, p. 321. En port. de t. II-III consta: ... escrita en italiano por D. Juan Francisco de Masdeu ... ; traducida al idioma español por N.N. |
| 595 ## - | |
| -- | De este volumen de "España antigua. Parte primera" hay 3 ediciones o estados. Esta edición se caracteriza porque pone "Tomo II", pero no pone "Parte primera", además de carecer en la contraportada de la Tabla con el "Orden de los tomos", que sí tienen las otras ediciones. La composición tipográfica del contenido difiere del de las otras dos ediciones. |
| 597 ## - NOTA DE DESCRIPCIÓN FÍSICA | |
| NOTA DE DESCRIPCIÓN FÍSICA | Sign.: []4, 2*4, 3*4, 4*2, A-Z4, 2A-2Z4, 3A4-3B2. |
| 597 ## - NOTA DE DESCRIPCIÓN FÍSICA | |
| NOTA DE DESCRIPCIÓN FÍSICA | Apostillas marginales. |
| 651 #4 - PUNTO DE ACCESO ADICIONAL DE MATERIA--NOMBRE GEOGRÁFICO | |
| Nombre geográfico | España- |
| Subdivisión general | Historia. |
| 9 (RLIN) | 8209 |
| 852 ## - LOCALIZACIÓN | |
| Ubicación | ES-MaACL |
| Número de control de estantería | R-270-89 |
| Nota libre | -- Enc. pasta |
| Encuadernación | Olim: C-44-63 |
| Estatus retirado | Estado de pérdida | Estado de daño | No para préstamo | Colección | Biblioteca de origen | Biblioteca actual | Ubicación en estantería | Fecha de adquisición | Total de préstamos | Signatura topográfica completa | Código de barras | Visto por última vez | Precio de reemplazo | Tipo de ítem Koha |
|---|---|---|---|---|---|---|---|---|---|---|---|---|---|---|
| Libros del s. XVIII | Biblioteca del Ateneo de Madrid | Biblioteca del Ateneo de Madrid | Depósito | 17/01/2008 | R-270-89 | 1166559 | 23/02/2023 | 23/02/2023 | Libro impreso antiguo |
